Zúfalé východisko - predaj akcií : Manažmenty nezvládli situáciu v pivovare i v mliekarni

Bibliographic Details
Main Author: Mezencev, Vladimír (Author)
Format: Article
Language:Slovak
Subjects:
Source: 1. Slovenská republika 1. Roč. 6, č. 32(1998), dát. 0209, s. 5
LEADER 00873nab#a2200289#ar4500
001 000018656
003 SVKKK
005 00000000000000.0
008 c xo e sloo
FMT
038 |a SVKKK 
040 |a SVKKK  |b slo  |e AACR2 
041 0 |a slo 
044 |a xo  |c SK 
080 |a 637.1+637.  |2 1981 
080 |a 663.  |2 1981 
100 1 |a Mezencev, Vladimír  |4 aut 
245 1 0 |a Zúfalé východisko - predaj akcií :  |b Manažmenty nezvládli situáciu v pivovare i v mliekarni  |c Mezencev Vladimír, 
650 0 4 |a Košická mliekareň, a.s., Košice  |z Košický pivovar, a.s., Košice  |x situácia súčasná  |x problémy  |x riešenia  |x informácie 
773 0 |t Slovenská republika  |g Roč. 6, č. 32(1998), dát. 0209, s. 5 
957 |a Košice 
958 |a KE 
974 |d 981027  |a Šá 
992 |a RBX 
BAS
852 |a SVKKK  |b BIB 
998 |a REG